000 01002cam a2200313 a 4500
001 4511096
003 OSt
005 20110720123236.0
008 980202s1997 sa 000 0 eng
010 _a 98110163
020 _a04021599308
035 _a(DLC) 98110163
040 _aDLC
_cDLC
_dDLC
043 _af-sa---
050 0 0 _aKTL3800
_b.M55 1997
082 0 0 _a345.026 ELL
_221
100 1 _aElliott and Wood's.
_9772
245 1 0 _aCases and materials on criminal law /
_cElliott and Wood's.
250 _a7th ed.
260 _aLondon :
_bSweet and Maxwell.,
_c1997.
300 _aIxi, 875 p. ;
_c25 cm.
500 _a.
650 0 _aCriminal law
_zSouth Africa
_xCases.
_9773
700 1 _d1939-
_9774
906 _a7
_bcbc
_corignew
_d3
_encip
_f19
_gy-gencatlg
942 _2ddc
_cBK
999 _c261
_d261